000 00488nam a2200217Ia 4500
003 OSt
005 20221005115042.0
006 a|||||r|||| 00| 0
007 ta
008 221004b |||||||| |||| 00| 0 eng d
024 _a119615
037 _cTextual
040 _aCRL
_cCRL
_beng
041 _2eng
_aeng
100 _aKleiner I S
_9627032
245 0 _aBiochemistry
260 _c1966
650 _aBIOLOGY
942 _cTEXL
_2cc
999 _c1033290
_d1033290